Πλήρες εγχειρίδιο της C++
Αποθηκεύτηκε σε:
| Κύριος συγγραφέας: | |
|---|---|
| Άλλοι συγγραφείς: | |
| Μορφή: | Βιβλίο |
| Γλώσσα: | Greek English |
| Δημοσίευση: |
Αθήνα :
Μ. Γκιούρδας,
2006.
|
| Έκδοση: | 5η έκδ. |
| Θέματα: | |
| Ετικέτες: |
Προσθήκη ετικέτας
Δεν υπάρχουν, Καταχωρήστε ετικέτα πρώτοι!
|
MARC
| LEADER | 00000cam a2200000 i 4500 | ||
|---|---|---|---|
| 001 | 1/10247 | ||
| 008 | 100920s2006 gr | ||| |||| ||gre|| | ||
| 035 | |l 10108943 | ||
| 040 | |a GR-MyUa |b gre |e AACR2 | ||
| 041 | 1 | |a gre |h eng | |
| 082 | 7 | |a 005.133 |2 (22) | |
| 100 | 1 | |a Liberty, Jesse. | |
| 245 | 1 | 0 | |a Πλήρες εγχειρίδιο της C++ / |c Jesse Libety, Bradley L. Jones ; απόδοση: Μαίρη Γκλαβά. |
| 250 | |a 5η έκδ. | ||
| 260 | |a Αθήνα : |b Μ. Γκιούρδας, |c 2006. | ||
| 300 | |a xxi, 910 σ. : |c 24 εκ. | ||
| 500 | |a Τίτλος πρωτοτύπου: Sams teach yourself C++ in 21 days. | ||
| 500 | |a Περιλαμβάνει ευρετήριο. | ||
| 650 | 0 | |a C++ (Computer program language) | |
| 700 | 1 | |a Jones, Bradley. | |
| 852 | |a INST |b SYROS |e 20100920 |h 005.133 LIB |p 005500007634 |q 005500007634 |t BK |y 0 | ||
| 852 | |a INST |b SYROS |e 20100920 |h 005.133 LIB |p 005500007635 |q 005500007635 |t BK |y 0 | ||
| 901 | |a BIBL5-2010-2 | ||
| 970 | |a Κοντού |b Παρασκευή |z 20/09/2010 | ||